|
|
|
|
| LEADER |
00812nam a2200229 i 4500 |
| 001 |
c000125131 |
| 003 |
CARM |
| 005 |
00000000000000.0 |
| 008 |
850326s1956 fr 0 eng d |
| 019 |
1 |
|
|a 9251110
|5 LACONCORD2021
|
| 035 |
|
|
|a (OCoLC)221299830
|5 LACONCORD2021
|
| 100 |
1 |
|
|a Benda, Julien,
|d 1867-1956.
|
| 245 |
1 |
0 |
|a La fin de l'eternal /
|c Julien Benda ; [preface d'Etiemble, 1977.].
|
| 250 |
|
|
|a Renouvele ed.
|
| 260 |
|
|
|a [Paris] :
|b Gallimard,
|c 1956.
|
| 300 |
|
|
|a 162 p.
|
| 650 |
|
0 |
|a Intellectuals.
|
| 650 |
|
0 |
|a Nationalism.
|
| 650 |
|
0 |
|a Philosophy, Modern.
|
| 852 |
8 |
|
|b CARM
|h A2:AD04A0
|i B00462
|p 0020885
|f BK
|
| 999 |
f |
f |
|i 919d2063-d9f5-52dc-a6e1-421ed8b36a2b
|s 9afc9133-91e8-5171-996a-6c1c1f2e140a
|
| 952 |
f |
f |
|p Can circulate
|a CAVAL
|b CAVAL
|c CAVAL
|d CARM 1 Store
|e B00462
|f A2:AD04A0
|h Other scheme
|i book
|m 0020885
|